| 000 | 01019nam a2200253 a 4500 | ||
|---|---|---|---|
| 001 | 73216 | ||
| 003 | BD-RjUL | ||
| 005 | 20211209082349.0 | ||
| 008 | 170529s1978 vi a|||| |||| 001 0 eng d | ||
| 020 | _a9200510787 | ||
| 035 | _a(BD-RjUL)73434 | ||
| 040 |
_aBD-RjUL _beng _cBD-RjUL _dBD-RjUL |
||
| 041 | _aeng | ||
| 082 |
_223 _a539.762 _bLES 1978 |
||
| 110 |
_aInternational Atomic Energy Agency _9218782 |
||
| 245 |
_aLes reacteurs de fission naturels = Natural Fission Reactors : _bComptes rendus d'une reunion du comite technique sur les reacteurs de fission naturels organisee par l'agence internationale de l'energie atomique et tenue a Paris du 19 au 21 decembre 1977 / _cInternational Atomic Energy Agency |
||
| 260 |
_aVienna : _bInternational Atomic Energy Agency, _c1978. |
||
| 300 |
_a754 p. : _bill. ; _c25 cm. |
||
| 490 | _aCollection Computes rendus de groupes | ||
| 500 | _aIncludes Index. | ||
| 650 |
_aNuclear fission _9218783 |
||
| 856 | _3Collection Computes rendus de groupes | ||
| 942 |
_2ddc _cBK |
||
| 999 |
_c73216 _d73216 |
||